Statistics for Famous people that hate Hillary Clinton

Click here to take the quiz!

General Stats

  • This quiz has been taken 31 times
  • The average score is 2 of 13

Answer Stats

Hint Answer % Correct
Current presidentDonald Trump
97%
Film directorClint Eastwood
39%
SingerTed Nugent
19%
ActorJames Woods
16%
ActressSusan Sarandon
16%
ActorChuck Norris
13%
PoliticianMike Huckabee
10%
PoliticianSarah Palin
10%
SingerAzealia Banks
6%
ActorJesse James
6%
ActorTim Allen
6%
PoliticianChris Christie
3%
ActressStacey Dash
3%

Score Distribution

Percentile by Number Answered

Percent of People with Each Score

Your Score History

You have not taken this quiz